000 00507nam a22001817a 4500
005 20230821110908.0
008 230818b |||||||| |||| 00| 0 eng d
020 _a978-98-5465-894-5
041 _aeng
082 _a612
100 _aMOHAN, HARSH
_98110
245 _aPATHOLOGY QUICK REVIEW: Includes exclusive description of all the competencies as per curriculum NMC
250 _a6TH ED.2023
260 _aNEW DELHI
_bJAYPEE BROTHERS
_c2023
300 _a268;p
650 _aBPT
_98111
942 _cBK
999 _c8387
_d8385